000 00599nam a2200157 4500
008 010503s1999 ph 0 engQU
090 _aDS688
_b.C38
_bC16
100 1 _aCanseco, Don Teleforo
245 1 0 _aKasaysayan ng paghihimagsik ng mga Pilipino sa Cavite :
_b1897 /
_cni Don Teleforo Canseco, salin ni Jose Rhommel B. Hernandez
260 _aQuezon City :
_bPDCIS,
_cc1999.
300 _aiv, 301 p. :
_bills.
504 _aIncludes bibliographical references.
651 4 _aCavite (Philippine province)
_xHistory
_y1897
651 4 _aPhilippines
_xHistory
_y1987
700 1 _aHernandez, Jose Rhommel B.
999 _c1155
_d1155